00277nam a22001097a 4500082002800000100002300028245002000051260003400071300001700105526003700122650000800159 a796bLODcL-30-II, P-80 aHashmatullah Lodhi a کھیل Khail aKarachibQadar printersc1980 a240 p.bill. a0b0c0d796_000000000000000_LOD aMCE